| 000 | 00547nam a2200229Ia 4500 | ||
|---|---|---|---|
| 003 | OSt | ||
| 005 | 20220918192835.0 | ||
| 006 | a|||||r|||| 00| 0 | ||
| 007 | ta | ||
| 008 | 220917b |||||||| |||| 00| 0 eng d | ||
| 024 | _a70,685 | ||
| 037 | _cTextual | ||
| 040 |
_aARTS _cARTS _beng |
||
| 041 |
_2eng _aeng |
||
| 082 | _aR4xL24:9, J1 (=) | ||
| 100 |
_aTeale A E _980427 |
||
| 245 | 0 | _aKantian ethics | |
| 260 | _c1951 | ||
| 650 | _aETHICS | ||
| 942 |
_hR4xL24:9, J1 (=) _cTEXL _2CC |
||
| 999 |
_c196778 _d196778 |
||